000 00500nam a2200181Ia 4500
005 20250326123940.0
008 250326s9999 xx 000 0 und d
037 _aTextbook
040 _aFMSL
_beng
_cFMSL
041 _aeng
_2eng
084 _aT4.2 L2
_qFMSL
100 _aAltbach P G
_9736467
245 0 _aUniversity in transition: Indian case study
_cAltbach P G
260 _aBombay
_bBombay, Sindhu
_c1972
300 _a135p
942 _cTB
_hT4.2 L2
999 _c1271612
_d1271612